000 00807nam a2200253 a 4500
001 BRCA_7706
005 20190320205944.0
008 230813s1952----enka######---#000-0#eng-#
041 _aeng
044 _aenk
050 4 _aN6767
_b.V53 1952
245 1 0 _aVictorian and Edwardian decorative arts
_cVictoria and Albert Museum.
260 _aLondres
_bH. M. Stationary Office
_c1952
300 _a39 p.
_bil., 32 láminas
_c18 cm.
440 0 _aIts small picture book
_v34
_919047
500 _aU43
650 1 4 _aArte victoriano
_vObjetos
_919048
650 1 4 _aArte
_vIndustria y comercio
_919049
650 1 4 _aGalerías y museos
_zInglaterra
_919050
650 1 4 _aDecoración y ornamentación
_zInglaterra
_914312
710 2 _aVictoria and Albert Museum (Londres)
_919051
902 _aGFM
942 _2lcc
_cB
999 _c7380
_d7380